| 000 | 00515nam a22002177a 4500 | ||
|---|---|---|---|
| 003 | Nust | ||
| 005 | 20220121114306.0 | ||
| 008 | 170209b xxu||||| |||| 00| 0 eng d | ||
| 020 | _a9780-470-505922 | ||
| 038 | _akhadija | ||
| 040 | _cc | ||
| 082 |
_a670.42 _bGRO |
||
| 100 |
_aGroover _988564 |
||
| 245 |
_aPrinciples of Modern Manufacturing / _cGroover |
||
| 250 | _a4th ed. | ||
| 260 |
_aNew York : _bJohn Wily, _c2011. |
||
| 300 | _a1002 p. ; | ||
| 500 | _aPaperback. | ||
| 563 | _aPB | ||
| 942 |
_cBK _2ddc |
||
| 999 |
_c32278 _d32278 |
||